|
|
|
|
| LEADER |
01742cas a2200241 a 4500 |
| 001 |
AALejournalIMF014118 |
| 008 |
230101c9999 xx r poo 0 0eng d |
| 020 |
|
|
|c 5.00 USD
|
| 020 |
|
|
|z 9781475515251
|
| 022 |
|
|
|a 1934-7685
|
| 040 |
|
|
|a BD-DhAAL
|c BD-DhAAL
|
| 110 |
2 |
|
|a International Monetary Fund.
|b Fiscal Affairs Dept.
|
| 245 |
1 |
0 |
|a Cote d'Ivoire :
|b Technical Assistance Report.
|
| 264 |
|
1 |
|a Washington, D.C. :
|b International Monetary Fund,
|c 2014.
|
| 300 |
|
|
|a 1 online resource (64 pages)
|
| 490 |
1 |
|
|a IMF Staff Country Reports
|
| 500 |
|
|
|a <strong>Off-Campus Access:</strong> No User ID or Password Required
|
| 500 |
|
|
|a <strong>On-Campus Access:</strong> No User ID or Password Required
|
| 506 |
|
|
|a Electronic access restricted to authorized BRAC University faculty, staff and students
|
| 520 |
3 |
|
|a This Technical Assistance Report outlines that despite the lack of a suitable legal and regulatory framework, Cote d'Ivoire has made significant progress in its preparations for implementing the new budgeting tools required in the West African Economic and Monetary Union Harmonized Public Financial Framework. The macroeconomic framework and medium-term fiscal framework efforts are being implemented normally. In view of the current state of the overall process, the mission considers it reasonable to plan to have FY2020 as the first operational year for the program budget to replace the current line item budget, subject to effectively implementing the various reforms and measures.
|
| 538 |
|
|
|a Mode of access: Internet
|
| 830 |
|
0 |
|a IMF Staff Country Reports; Country Report ;
|v No. 2014/003
|
| 856 |
4 |
0 |
|z Full text available on IMF
|u http://elibrary.imf.org/view/journals/002/2014/003/002.2014.issue-003-en.xml
|z IMF e-Library
|